000 00899nam a2200217Ia 4500
003 GCL
008 140319s9999 xx 000 0 ara d
040 _aGCL /
_cGCL
082 0 4 _a320.9624
_bك س
100 1 _aكمال الجزولى
245 1 0 _aالسودان والمحكمة الجنائية الدولية :
_bاختلاط المبدئى والعارض /
_cكمال الجزولى
260 _aالقاهرة :
_bمركز القاهرة لدراسات حقوق الانسان ،
_c2006
300 _a134 ص ؛
_c19 سم
490 _aسلسلة قضايا حركية
_v21
650 0 4 _aالسودان - العلاقات الخارجية
650 0 4 _aالسودان - تاريخ - العصر الحديث
650 0 4 _aالسودان - الاحوال السياسية
650 0 4 _aدارفور - تاريخ
650 0 4 _aدارفور - الحرب الاهلية
942 _2ddc
_cBK
999 _c8950
_d8950